Niektoré problémy ekonomickej dynamiky

Statický pohľad je pojem bezčasový. Premenné môžu byť v skutočnosti stavy alebo toky, vzťahujú sa k rovnakému časovému okamihu alebo obdobiu a nekladú sa na ne žiadne podmienky, ktoré by sa vzťahovali k rôznym časovým okamihom. Systém sa nazýva dynamický, ak premenné závislé na čase sa vzťahujú k rô...

Descrizione completa

Salvato in:
Dettagli Bibliografici
Autore principale: Jurga, Rastislav
Natura: Capitolo di libro
Lingua:slovacco
Soggetti:
Tags: Aggiungi Tag
Nessun Tag, puoi essere il primo ad aggiungerne!!

MARC

LEADER 00000naa a2200000 4500
001 0146470
005 20240502083337.6
041 0 |a slo 
044 |a UA 
245 1 0 |a Niektoré problémy ekonomickej dynamiky  |c Rastislav Jurga 
520 |a Statický pohľad je pojem bezčasový. Premenné môžu byť v skutočnosti stavy alebo toky, vzťahujú sa k rovnakému časovému okamihu alebo obdobiu a nekladú sa na ne žiadne podmienky, ktoré by sa vzťahovali k rôznym časovým okamihom. Systém sa nazýva dynamický, ak premenné závislé na čase sa vzťahujú k rôznym časovým okamihom alebo obdobiam a sú nejako spojené s minulosťou a budúcnosťou. 
610 2 0 |a dynamika ekonomiky 
610 2 0 |a ponuka 
610 2 0 |a dopyt 
610 2 0 |a ceny 
100 1 |a Jurga, Rastislav